| 000 | 00467nam a22001457a 4500 | ||
|---|---|---|---|
| 005 | 20240319094906.0 | ||
| 008 | 240319b ||||| |||| 00| 0 eng d | ||
| 040 | _cAL | ||
| 041 | _aeng | ||
| 082 |
_223 _a658.3 _bINFL |
||
| 245 | _aInfluence of Organisational Climate on the Job Satisfaction of the Employees with Reference to Carborundum Universal Ltd | ||
| 260 |
_aMangalore _bSt Aloysius College _c1997 |
||
| 700 |
_aJOSEPH (P Thomas) _9155195 |
||
| 942 |
_2ddc _cPRO |
||
| 999 |
_c230488 _d230488 |
||